000 00252nam a2200109Ia 4500
999 _c10140
_d10140
020 _a9788171949427
100 _aKavita Sharma
245 0 _aAdvertising Planning and Decision Making
260 _aIndia
_bS. Chand
_c2001
300 _a813
942 _cBK